Zjednoczone Emiraty Arabskie imigracja według państw - Statystyki

Ogólne statystyki
  • Ten quiz został rozwiązany 89 razy
  • Średni wynik to 14 z 20
Statystyki odpowiedzi
Ludzie Państwo % Poprawnych
3 640 375 Indie
97%
265 000 Iran
95%
144 360 Irak
89%
1 001 536 Pakistan
86%
522 054 Chiny
85%
931 127 Egipt
84%
332 278 Jemen
79%
123 574 Syria
79%
143 137 Turcja
79%
517 733 Indonezja
74%
1 402 961 Bangladesz
73%
206 238 Sudan
62%
110 422 Kuwejt
60%
150 121 Liban
60%
910 779 Filipiny
58%
139 599 Jordania
56%
123 876 Sri Lanka
51%
153 109 Republika Południowej Afryki
40%
147 830 Kenia
34%
131 665 Palestyna
29%
Nie znaleziono quizów pasujących do podanych kryteriów
Rozkład punktacji
Procent ludzi z każdym wynikiem
Percentyl według liczby udzielonych odpowiedzi
Twoja historia wyników
Nie rozwiązałeś tego quizu